Savoir général quiz #9 - Statistiques

Statistiques générales
  • Ce quiz a été pris 240 fois
  • Le résultat moyen est 9 sur 22
Statistiques - réponses
question répondre % Correct
Quel est le nom du chien de Tintin? Milou
94%
Mon ami Pierrot, prête-moi ta ...? plume
91%
Qui a été la première femme à remporter un prix Nobel? Marie Curie
80%
Quelle est la plus grande île des Caraïbes? Cuba
74%
Quel fleuve borde Bordeaux? La Garonne
73%
De quelle île proviennent les lémuriens? Madagascar
71%
Qui a fondé Facebook? Mark Zuckerberg
66%
Quelle était la version soviétique de la DGSE? KGB
57%
Quel est le plus grand type de lézard? Dragon de Komodo
48%
Dans quel pays seriez-vous le plus susceptible de trouver un polder? Pays-Bas
42%
Quelle est la capitale du Tibet? Lhassa
37%
Qu'ont gagné les Normands en 1066? Angleterre
34%
Pour quel ville-pays Hannibal se battait-il? Carthage
30%
Quel joueur de tennis était « le crocodile »? René Lacoste
28%
Qui a tué Achille? Pâris
27%
Quel instrument a été joué par Ravi Shankar? Sitar
23%
He, Ne, ---, Kr, Xe? Ar
21%
Walk the Line est un film sur quel chanteur? Johnny Cash
19%
Quel est le deuxième livre de la Bible? L'Exode
13%
La vie est une fleur dont l’amour est le ---? (Victor Hugo) miel
8%
Quel est le mot japonais pour l'anguille d'eau douce? Unagi
6%
Quelle ex-star pop à Marseille exploite sa propre société de production appelée Waï TV? Childéric Muller
1%
Aucun quiz correspondant
Distribution des résultats
% des personnes avec chaque résultat
Percentile par nombre de réponses
Votre historique - résultats
Vous n’avez pas pris ce quiz